000 01065nam a2200289 i 4500
003 EG-GICUC
005 20260121101415.0
008 251202s1979 ua ||||fr|||| 000 0 ara d
040 _a EG-GICUC
_bara
_c EG-GICUC
_d EG-GICUC
_erda
041 _aara
082 0 4 _221
_a343.3
_bم ح . ش
092 0 4 _221
099 _aLaw1 10 343.3 م ح . ش 1979
100 0 _aمحمود نجيب حسني.
_eمؤلف.
245 1 0 _aشرح قانون الإجراءات الجنائية /
_cمحمود نجيب حسني.
264 1 _aالقاهرة :
_bدار النهضة العربية,
_c1979.
300 _a240 صفحة ؛
_c24 سم
_bإيضاحيات، صور، مثيليات ؛
336 _2rda content
_atext
337 _2rda media
_aComputer
338 _2rda carrier
_aOnline Resource
504 _a. 240-220 ببليوجرافيا: صفحات.
650 1 4 _a قانون الإجراءات الجنائية
_2qrmak
651 1 _2qrmak
856 4 0 _uhttps://fll.law.cu.edu.eg/fulltext/bks/B10-05690.pdf
905 _a5
_eHassnaa
942 _2ddc
_cBK
_e21
_n0
999 _c47874
_d47874